000 00603nam a2200229Ia 4500
003 OSt
005 20220928111519.0
006 a|||||r|||| 00| 0
007 ta
008 220927b |||||||| |||| 00| 0 eng d
024 _a46676
037 _cTextual
040 _aSDCL
_cSDCL
_beng
041 _2eng
_aeng
082 _aO152,1M891,7, M1
100 _aChaturvedi Makhan Lal
245 0 _aDoom-valaya.
260 _aNew Delhi
_bNational Publishing
_c1981
300 _a83p
_ccm.
942 _hO152,1M891,7, M1
_cTEXL
_2CC
999 _c740556
_d740556